| 000 | 00537cam a2200157 4500500 | ||
|---|---|---|---|
| 005 | 20251017185421.0 | ||
| 041 | _afre | ||
| 042 | _adc | ||
| 100 | 1 | 0 |
_aLicu, Alexandra _eauthor |
| 700 | 1 | 0 |
_a Vilhem, Steve _eauthor |
| 245 | 0 | 0 | _aL’épreuve sociale du handicap : le corps et la case |
| 260 | _c2025. | ||
| 500 | _a1 | ||
| 786 | 0 | _nDossiers Cairn | - | 69 | 2025-09-17 | p. 1-1 | |
| 856 | 4 | 1 | _uhttps://droit.cairn.info/dossier-dossiers-cairn-lepreuve-sociale-du-handicap-le-corps-et-la-case-page-1?lang=fr&redirect-ssocas=7080 |
| 999 |
_c1550833 _d1550833 |
||